|
|
|
|
| LEADER |
00733nam a2200193 a 4500 |
| 001 |
GR-MES11009 |
| 008 |
061030s gr 000 0 gre d |
| 040 |
|
|
|a GrPaTEI
|b gre
|c GR-PaULI
|
| 040 |
|
|
|a GrPaTEI
|b gre
|c GR-PaULI
|
| 100 |
1 |
|
|a Jha, L.K
|
| 245 |
1 |
0 |
|a Advances in agroforestry /
|c L.K. Jha.
|
| 260 |
|
|
|a New Delhi :
|b APH publishing corporation,
|c 1995
|
| 300 |
|
|
|a xxi , 669σ. :
|b 24εκ.
|
| 650 |
|
0 |
|a Agroforestry
|
| 650 |
|
4 |
|a Αγροβιολογία
|
| 942 |
|
|
|2 ddc
|
| 952 |
|
|
|0 0
|1 0
|2 ddc
|4 0
|6 639_990000000000000_JHA
|7 0
|9 270223
|a MSLG
|b MSLG
|c BSC
|d 2021-01-17
|e 24
|f 0
|g 0.00
|l 0
|o 639.99 JHA
|p 2420000020049
|r 2021-01-17 00:00:00
|t 1
|w 2021-01-17
|y BK15
|x 20061030 0 1
|x GrPaTEI
|
| 971 |
|
|
|a .b25770561
|b 15-04-20
|c 13-09-16
|
| 999 |
|
|
|c 156049
|d 156049
|